Kurs walutowy a inflacja i recesja.

Vnútorná a vonkajšia rovnováha v krátkom období. Vnútorná vymeniteľnosť peňazí. Vymeniteľnosť, stabilizácia a transformácia v šokovom poňatí. Vymeniteľnosť a úroveň valutového kurzu. Valutový kurz v úlohe nominálnej "kotvice". Predpoklady a skutočnosť. Sled činností a účinnosť programu. Stály kurz v...

Descrizione completa

Salvato in:
Dettagli Bibliografici
Autore principale: Gotz-Kozierkiewicz, D.
Natura: Capitolo di libro
Lingua:polacco
Soggetti:
Tags: Aggiungi Tag
Nessun Tag, puoi essere il primo ad aggiungerne!!

MARC

LEADER 00000naa a2200000 4500
001 r007677
005 20221125122718.7
041 0 |a pol 
044 |a PL 
245 1 0 |a Kurs walutowy a inflacja i recesja.  |c D. Gotz-Kozierkiewicz 
520 |a Vnútorná a vonkajšia rovnováha v krátkom období. Vnútorná vymeniteľnosť peňazí. Vymeniteľnosť, stabilizácia a transformácia v šokovom poňatí. Vymeniteľnosť a úroveň valutového kurzu. Valutový kurz v úlohe nominálnej "kotvice". Predpoklady a skutočnosť. Sled činností a účinnosť programu. Stály kurz v relácii k jednej valute alebo ku košíku valút. Stály kurz a menová politika. 
610 2 0 |a inflácia 
610 2 0 |a kurz valutový 
610 2 0 |a recesia 
610 2 0 |a konvertibilita 
610 2 0 |a politika menová 
100 1 |a Gotz-Kozierkiewicz, D.